Normal view
MARC view
- Iqbal, Muhammad, -- Sir, -- 1877-1938 -- Philosophy.
Entry Topical Term
001 - CONTROL NUMBER
- control field: 6204
003 - CONTROL NUMBER IDENTIFIER
- control field: NUST
005 - DATE AND TIME OF LATEST TRANSACTION
- control field: 20171109093319.0
008 - FIXED-LENGTH DATA ELEMENTS
- fixed length control field: 171109|| aca||aabn | a|a d
040 ## - CATALOGING SOURCE
- Original cataloging agency: NUST
- Transcribing agency: NUST
150 ## - HEADING--TOPICAL TERM
- Topical term or geographic name entry element: Iqbal, Muhammad, -- Sir, -- 1877-1938 -- Philosophy.
- Form subdivision: Philosophy.
670 ## - SOURCE DATA FOUND
- Source citation: Work cat.: (NUST)329393: Iqbal, Muhammad 9, Iqbal:, 2004
